000 00481nam a2200181 a 4500
020 _a0948549408 (pbk)
040 _cUKM
082 0 4 _a647 P.CO 1994 A054 Or.
100 1 _aCollin, P. H.
245 1 0 _aDictionary of hotels, tourism and catering management /
260 _aTeddington :
_bP. Collin,
_c1994
300 _a275 p. ;
_c20 cm
650 0 _aHospitality industry
650 0 _aHotel management
650 0 _aTourism
650 0 _aFood service management
942 _cEK
999 _c15341
_d15341